1183 1223 1425 1279 1834 1949 1888 1308 1471 1809 1060 1344 1918 1148 1590 1335 1688 1789 1162 1835 1682 1797 1135 1966 1603 1590 1652 1588 1598 1997 1015 1962 1891 1816 1818 1047 1432 1070 1949 1174 1810 1214 1698 1031 1540 1484 1359 1258 1194 1302 1724 1512 1194 1724 1618 1695 1662 1891 1712 1656 1951 1807 1585 1560 1138 1792 1211 1018 1887 1548 1640 1934 1151 1662 1747 1114 1456 1006 1986 1821 1428 1987 1917 1044 1746 1309 1835 1688 1067 1850 1666 1511 1886 1163 1084 1995 1596 1151 1985 BCNSPRNW ULIB Ver.6.0+V

เปลี่ยนเป็นภาษาไทย

Change to English
 แสดงรายละเอียดบรรณานุกรม
  กลับหน้าหลัก

Brief Record : Get Marc (ISO 2709) : E-mail record : QR code < ปิดหน้าต่าง
LEADER : 00000nam 2200000uu 4500
001    13399111110
003     ULIB
008    110616s||||||||th 000 0 tha d
020    9749217888
050  4 BF441^bส824ก ล.5 2547
100 0  สุวิทย์ มูลคำ
245 10 กลยุทธ์--การสอนคิดวิพากษ์ 5/^cสุวิทย์ มูลคำ
246 30 การสอนคิดวิพากษ์
246 33 Critical thinking
250    พิมพ์ครั้งที่ 1
260    กรุงเทพฯ :^bภาพพิมพ์,^c2547
300    152 หน้า :^bภาพประกอบ ;^c26 ซม.
440  0 ครบเครื่องเรื่องการคิด ;^v5
500    ชื่อเรื่องจากปก
650  7 ความคิดและการคิด^xการศึกษาและการสอน
650  7 ความคิดอย่างมีวิจารณญาณ
650  7 ทักษะทางการคิด
945    ^p150^l0^i017859
945    ^p150^l0^i017858
995    ทศพร
999 ^a ใช้งานได้ทุกระบบ
รายการนี้ยังไม่มีแท็ก
คุณยังไม่ได้ล็อกอิน คุณสามารถมีกิจกรรมร่วมกับเว็บไซต์ได้ แต่ต้องล็อกอินก่อน ::
  ล็อกอิน

รายการสื่อสารสนเทศ

ลำดับที่ ประเภท เลขเรียก/บาร์โค้ด สถานที่ สถานะ
- ไม่พบข้อมูล -

รายการใกล้เคียง
    ผู้แต่ง [สุวิทย์ มูลคำ]

    หัวเรื่อง [ความคิดอย่างมีวิจารณญาณ]
    หัวเรื่อง [ทักษะทางการคิด]

BibComment


ยังไม่เคยถูกคอมเมนท์

คอมเมนท์ทรัพยากรรายการนี้
  คอมเมนท์: กลยุทธ์การสอนคิดว..


 Copyright 2026. Bcnsprnw @Library